| 000 | 00727nam a2200205 a 4500 | ||
|---|---|---|---|
| 001 | 000010983 | ||
| 005 | 20240412074222.0 | ||
| 008 | 091013s1959 dr c 000 p spa d | ||
| 040 |
_aDO-SdBNP _bspa _cBNPHU |
||
| 082 |
_aRD861.44 _bV635o |
||
| 100 | 1 |
_aVicioso V., A. Felino _924315 |
|
| 245 | 1 | 0 |
_aOlimpiada : _bcantos a los deportes y otras diversiones / _cA. Felino Vicioso V. |
| 260 |
_aCiudad Trujillo, República Dominicana : _bMontalvo, _c1959. |
||
| 300 |
_a110 p. : _bretr. ; _c24 cm. |
||
| 500 | _aIn meroriam: de mis antecesores de esta y de Azua, mi sueldo natal - | ||
| 500 | _aIncluye notas al pie de las páginas. | ||
| 650 | 0 |
_aPoesía dominicana _966 |
|
| 650 | 0 |
_aLiteratura dominicana. _967 |
|
| 049 | _aBNPD | ||
| 999 |
_c10721 _d10721 |
||